Top 10 Counties of England by Bird Species - Statistics

General Stats
  • This quiz has been taken 16 times
  • The average score is 8 of 10
Answer Stats
Species County % Correct
458 Cornwall
100%
378 Devon
94%
391 Kent
94%
395 Suffolk
94%
432 Norfolk
88%
375 Dorset
81%
358 Lincolnshire
81%
361 North Yorkshire
75%
356 Northumberland
69%
396 East Riding of Yorkshire
13%
No matching quizzes found
Score Distribution
Percent of People with Each Score
Percentile by Number Answered
Your Score History
You have not taken this quiz